| 000 | 00734cam a2200193 a 4500 | ||
|---|---|---|---|
| 001 | 000002379 | ||
| 005 | 20200929150206.0 | ||
| 008 | 770725s1965 ho b f001 0bspa | ||
| 040 |
_aDO-SdBNP _bspa _cBNPHU |
||
| 082 |
_a972.83 _bD964d |
||
| 100 | 1 |
_aDurón y Gamero, Rómulo Ernesto, _d1865-1942 _97560 |
|
| 245 | 1 | 0 |
_aDon Joaquín Rivera y su tiempo / _cRómulo Ernesto Durón y Gamero. |
| 260 |
_aTegucigalpa, Honduras : _bMinisterio de Educación Pública, _c1965. |
||
| 300 |
_av. ; _c20 cm. |
||
| 440 | 0 |
_aRómulo E. Durón ; _vno. 3 _97561 |
|
| 504 | _aIncluye referencias bibliográficas y notas al pie de las páginas | ||
| 651 | 4 |
_aHonduras _xHistoria _xPolítica Y Gobierno _97562 |
|
| 600 | 1 | 0 |
_aRIVERA, JOAQUÍN, _d1795-1845. _97563 |
| 999 |
_c2219 _d2219 |
||